000 00807nam a2200229Ia 4500
003 OSt
005 20220923221848.0
006 a|||||r|||| 00| 0
007 ta
008 220922b |||||||| |||| 00| 0 hin d
024 _a200,591
037 _cTextual
040 _aARTS
_cARTS
_bhin
041 _2hin
_ahin
082 _aV2:41:N7, 152L3
100 _aशर्मा, गौतम
245 0 _aभारतीय सेना और युद्धकला
_b प्राचीन काल से आज तक
246 _aBhāratīya senā aur yuddhakalā: prāchīn kāl se āj taka
260 _aदिल्ली
_b राजपाल एण्ड सन्ज
_c1973
942 _hV2:41:N7, 152L3
_cTEXL
_2CC
999 _c352263
_d352263